[Event "Die Hard Tourney"]
[Site "SchemingMind.com"]
[Date "2010.11.21"]
[Round "-"]
[White "capablanca"]
[Black "Apatchenlama"]
[Result "0-1"]
[WhiteCountry "GER"]
[BlackCountry "GER"]
[WhiteElo "1638"]
[WhiteRD "56"]
[BlackElo "1862"]
[BlackRD "88"]
[GameID "267438"]

1. e4 c6 2. d4 d5 3. Nc3 dxe4 4. Nxe4 Nf6 5. Nxf6+ exf6 6. Nf3 Bg4 7. Be2 Bd6 8. O-O O-O 9. c3 Qc7 10. g3 Bh3
11. Re1 Nd7 12. Bf1 Bxf1 13. Rxf1 Rfe8 14. Re1 Nb6 15. b3 f5 16. c4 f4 17. c5 fxg3 18. cxd6 gxh2+ 19. Nxh2 Qxd6 20. Be3 Re6
21. Kh1 Nd5 22. Qg4 Nxe3 23. fxe3 Rae8 24. Rg1 g6 25. Nf3 Re4 26. Qf5 Rxe3 27. Ne5 Qd5+ 28. Kh2 Re4 29. Qf3 R8xe5 30. dxe5 Rh4+
31. Qh3 Qxe5+ 32. Kg2 Rxh3 33. Kxh3 f5 34. Rae1 Qf6 35. Re8+ Kf7 36. Rge1 g5 37. Rb8 Qc3+
0-1

[Event "Die Hard Tourney"]
[Site "SchemingMind.com"]
[Date "2010.11.20"]
[Round "-"]
[White "capablanca"]
[Black "thefriediceman"]
[Result "0-1"]
[WhiteCountry "GER"]
[BlackCountry "USA"]
[WhiteElo "1643"]
[WhiteRD "52"]
[BlackElo "1922"]
[BlackRD "71"]
[GameID "267439"]

1. e4 e5 2. Nf3 Nc6 3. Bc4 Bc5 4. O-O Nf6 5. d4 exd4 6. e5 Ng4 7. Bxf7+ Kxf7 8. Ng5+ Kg8 9. Qxg4 Nxe5 10. Qe4 Qe7
11. Bf4 d6 12. Qd5+ Kf8 13. Nd2 c6 14. Qb3 h6 15. Nge4 Bb6 16. Rfe1 Be6 17. Qg3 Qd7 18. Nxd6 Qxd6 19. Bxe5 Qd7 20. Bd6+ Kg8
21. Ne4 Qf7 22. Be5 Kh7 23. Qd3 Qf5 24. Nf6+ gxf6 25. Qxf5+ Bxf5 26. Bxf6 Rhe8
0-1

[Event "Die Hard Tourney"]
[Site "SchemingMind.com"]
[Date "2010.11.20"]
[Round "-"]
[White "capablanca"]
[Black "Eden"]
[Result "0-1"]
[WhiteCountry "GER"]
[BlackCountry "CZE"]
[WhiteElo "1643"]
[WhiteRD "52"]
[BlackElo "1684"]
[BlackRD "75"]
[GameID "267440"]

1. e4 e5 2. Nf3 Nc6 3. Bb5 Qf6 4. d3 h6 5. Nc3 Bb4 6. Bd2 Nge7 7. a3 Bc5 8. Bc4 d6 9. h3 g5 10. Na4 g4
11. hxg4 Bxg4 12. Nxc5 Nd4 13. Nb3 Nxf3+ 14. gxf3 Bxf3
0-1

[Event "Die Hard Tourney"]
[Site "SchemingMind.com"]
[Date "2010.11.20"]
[Round "-"]
[White "capablanca"]
[Black "ampp"]
[Result "1-0"]
[WhiteCountry "GER"]
[BlackCountry "POR"]
[WhiteElo "1655"]
[WhiteRD "54"]
[BlackElo "1212"]
[BlackRD "61"]
[GameID "267441"]

1. e4 d6 2. d4 g6 3. Nf3 Bg7 4. Bc4 c6 5. Nc3 Nf6 6. Be3 Nbd7 7. Qd2 O-O 8. Bh6 Re8 9. Bxg7 Kxg7 10. O-O-O Nb6
11. Bb3 e5 12. dxe5 Ng4 13. exd6 Bd7 14. Qd4+ f6 15. h3 Ne5 16. Nxe5 Rxe5 17. f4 Re8 18. e5 fxe5 19. fxe5
1-0

[Event "Die Hard Tourney"]
[Site "SchemingMind.com"]
[Date "2010.11.19"]
[Round "-"]
[White "dvaldez"]
[Black "capablanca"]
[Result "1-0"]
[WhiteCountry "CAN"]
[BlackCountry "GER"]
[WhiteElo "2007"]
[WhiteRD "87"]
[BlackElo "1643"]
[BlackRD "52"]
[GameID "267442"]

1. e4 e5 2. Nf3 Nc6 3. Bb5 Nf6 4. O-O Nxe4 5. d4 Nd6 6. Bxc6 bxc6 7. Nxe5 Be7 8. Qg4 g6 9. Bh6 Nf5 10. Bd2 Bf6
11. Re1 O-O 12. Nc3 Bb7 13. Na4 d6 14. Nf3 Bc8 15. Qe4 Bb7 16. c4 Re8 17. Qd3 Qd7 18. Nc3 Ba6 19. b3 Re7 20. Bg5 Bxg5
21. Nxg5 Rae8 22. Nf3 Rxe1+ 23. Rxe1 Rxe1+ 24. Nxe1 d5 25. Nf3 Qe6 26. cxd5 cxd5 27. Qd2 Nd6 28. h3 Nb5 29. Na4 Qf5 30. Nc5 Bc8
31. Qh6 Qf6 32. Qe3 Qf5 33. Qe8+
1-0

[Event "Die Hard Tourney"]
[Site "SchemingMind.com"]
[Date "2010.11.21"]
[Round "-"]
[White "Negrito19"]
[Black "capablanca"]
[Result "1-0"]
[WhiteCountry "ARG"]
[BlackCountry "GER"]
[WhiteElo "1569"]
[WhiteRD "72"]
[BlackElo "1643"]
[BlackRD "52"]
[GameID "267443"]

1. e4 e5 2. Nf3 Nc6 3. Nc3 Nf6 4. d4 exd4 5. Nxd4 Bb4 6. Bd2 O-O 7. Qf3 Bxc3 8. Bxc3 Ne5 9. Qg3 d6 10. f3 Nh5
11. Qf2 Nf4 12. O-O-O Bd7 13. g3 Ne6 14. f4 Nxd4 15. Qxd4
1-0

[Event "Die Hard Tourney"]
[Site "SchemingMind.com"]
[Date "2010.11.19"]
[Round "-"]
[White "Apatchenlama"]
[Black "capablanca"]
[Result "1-0"]
[WhiteCountry "GER"]
[BlackCountry "GER"]
[WhiteElo "1864"]
[WhiteRD "85"]
[BlackElo "1669"]
[BlackRD "57"]
[GameID "267444"]

1. d4 d5 2. c4 dxc4 3. Nf3 Nf6 4. g3 b5 5. Bg2 Bb7 6. a4 c6 7. Ne5 e6 8. axb5 Qc7 9. Qa4 Nd5 10. Qxc4 Bd6
11. bxc6 Nxc6 12. Nxc6 Bxc6 13. Nc3 O-O 14. O-O Rac8 15. Nxd5 Bxd5 16. Qxc7 Rxc7 17. Bxd5 exd5 18. b3 Rfc8 19. Ba3 Bxa3 20. Rxa3 Kf8
21. Ra5 Rb8 22. Rxd5 Rxb3 23. Ra1 Rb2 24. e3 Rcc2 25. Rf5 Ra2 26. Rb1 Rcb2= 27. Rxb2 Rxb2 28. Ra5 Rb7 29. h4 Ke7 30. f4 f6
31. Kf2 Kd6 32. g4 Kc6 33. Ke2 Kb6 34. Ra3 Rc7 35. Kd2 a5 36. Rc3 Re7 37. Rb3+ Kc6 38. Kd3 a4 39. Ra3 Kb5 40. Kc2 Kb4
41. Kb2 Rd7 42. Rd3 Kc4 43. Rd1 Ra7 44. Ka3 Kd5 45. g5 f5 46. h5 Ra5 47. Rc1 Ra7 48. Rc5+ Ke4 49. Re5+ Kf3 50. d5 Kg4
51. d6 Kxh5 52. Rd5 Rd7 53. Kxa4 Kg4 54. Kb5 Kf3 55. Kc6
1-0

[Event "Die Hard Tourney"]
[Site "SchemingMind.com"]
[Date "2010.11.21"]
[Round "-"]
[White "thefriediceman"]
[Black "capablanca"]
[Result "1-0"]
[WhiteCountry "USA"]
[BlackCountry "GER"]
[WhiteElo "1922"]
[WhiteRD "71"]
[BlackElo "1643"]
[BlackRD "52"]
[GameID "267445"]

1. e4 e5 2. Nf3 Nc6 3. Bc4 Bc5 4. c3 d6 5. b4 Bb6 6. a4 a6 7. O-O Be6 8. Bxe6 fxe6 9. d3 Nf6 10. Bg5 h6
11. Bh4 g5 12. Bg3 Nh5 13. Kh1 Qd7 14. Nfd2 Nxg3+ 15. fxg3 O-O-O 16. Nc4 Ba7 17. b5 Ne7 18. bxa6 bxa6 19. Nbd2 Rdf8 20. Qb3 Qc6
21. Na5 Qb6 22. Qxe6+ Kd8 23. Nac4 Qc6 24. Rxf8+ Rxf8 25. Qxh6 Rg8 26. Qf6 Qe8 27. Qe6 Rg6 28. Qg4 Qd7 29. Qxd7+ Kxd7 30. g4 Ke6
31. h3 Rg7 32. Nf3 Kf6 33. g3 Ng6 34. Kg2 Rh7 35. Rb1 Bc5 36. d4 exd4 37. cxd4
1-0

[Event "Die Hard Tourney"]
[Site "SchemingMind.com"]
[Date "2010.11.19"]
[Round "-"]
[White "Eden"]
[Black "capablanca"]
[Result "0-1"]
[WhiteCountry "CZE"]
[BlackCountry "GER"]
[WhiteElo "1623"]
[WhiteRD "73"]
[BlackElo "1638"]
[BlackRD "56"]
[GameID "267446"]

1. c4 c5 2. Nc3 Nc6 3. g3 g6 4. Bg2 Bg7 5. Na4 b6 6. e3 Bb7 7. Nh3 Nf6 8. Qf3 Na5 9. Qe2 Bxg2 10. Rg1 Bxh3
11. f3 Be6 12. b3 O-O 13. Bb2 Nc6 14. O-O-O a6 15. h4 Nh5 16. g4 Bxb2+ 17. Nxb2 Ng7 18. f4 d6 19. h5 Nb4 20. a3 Nc6
21. h6 Ne8 22. d4 cxd4 23. exd4 d5 24. f5 Bd7 25. Rde1 Nxd4 26. Qe3 Nc6 27. cxd5 Rc8 28. dxc6 Bxc6 29. Nc4 Nf6 30. Qe5 b5
31. g5 Nh5 32. Ne3 Be4+ 33. Kb2 Qd2+ 34. Ka1 Qc3+ 35. Qxc3 Rxc3 36. fxg6 Bxg6 37. Nd5 Rxb3 38. Rxe7 Ng3 39. Ka2 Rf3 40. Rge1 Ne4
41. Ra7 Rg3 42. Rxa6 Rxg5 43. Ne7+ Kh8 44. Nxg6+ hxg6 45. Rxe4 Rh5 46. Rb6 Kh7 47. Rb4 Kxh6 48. R4xb5 Rxb5 49. Rxb5 f5 50. Rb1 f4
51. Kb2 Rb8+ 52. Kc2 Rxb1 53. Kxb1 f3
0-1

[Event "Die Hard Tourney"]
[Site "SchemingMind.com"]
[Date "2010.11.19"]
[Round "-"]
[White "ampp"]
[Black "capablanca"]
[Result "0-1"]
[WhiteCountry "POR"]
[BlackCountry "GER"]
[WhiteElo "1212"]
[WhiteRD "61"]
[BlackElo "1655"]
[BlackRD "54"]
[GameID "267447"]

1. e4 e5 2. Nf3 Nc6 3. Bb5 Nf6 4. O-O Nxe4 5. Nxe5 Nxe5 6. d4 a6 7. Ba4 Ng6 8. Re1 Be7 9. c3 Nf6 10. Bc2 O-O
11. Bxg6 fxg6 12. Bg5 d5 13. Bxf6 Bxf6
0-1

[Event "Die Hard Tourney"]
[Site "SchemingMind.com"]
[Date "2010.11.19"]
[Round "-"]
[White "Behemot"]
[Black "capablanca"]
[Result "0-1"]
[WhiteCountry "INT"]
[BlackCountry "GER"]
[WhiteElo "1885"]
[WhiteRD "94"]
[BlackElo "1655"]
[BlackRD "54"]
[GameID "267448"]

1. e4 e5 2. Nf3 Nc6 3. Bb5 Nf6 4. O-O Bc5 5. c3 Nxe4 6. Qe2 Nxf2 7. d4 Ng4 8. dxc5 O-O 9. Bg5 Qe8 10. h3 e4
11. Nd4 Nge5 12. Qxe4 d6 13. cxd6 cxd6 14. Nd2 Bd7 15. Nc4 Nxc4 16. Bxc4 Qxe4
0-1

[Event "Die Hard Tourney"]
[Site "SchemingMind.com"]
[Date "2010.11.19"]
[Round "-"]
[White "Behemot"]
[Black "dvaldez"]
[Result "0-1"]
[WhiteCountry "INT"]
[BlackCountry "CAN"]
[WhiteElo "1760"]
[WhiteRD "86"]
[BlackElo "2062"]
[BlackRD "89"]
[GameID "267449"]

1. e4 c5 2. Nf3 Nc6 3. Bb5 e6 4. O-O Nge7 5. Nc3 a6 6. Bxc6 Nxc6 7. d4 cxd4 8. Nxd4 Qc7 9. Nxc6 bxc6 10. Qg4 Bb7
11. Bf4 d6 12. Rad1 e5 13. Be3 Qd7
0-1

[Event "Die Hard Tourney"]
[Site "SchemingMind.com"]
[Date "2010.11.20"]
[Round "-"]
[White "Behemot"]
[Black "Negrito19"]
[Result "0-1"]
[WhiteCountry "INT"]
[BlackCountry "ARG"]
[WhiteElo "1760"]
[WhiteRD "86"]
[BlackElo "1560"]
[BlackRD "77"]
[GameID "267450"]

1. d4 d5 2. Nf3 Nf6 3. c4 e6 4. Nc3 a6 5. Bg5 Nbd7 6. e3 h6 7. Bh4 g5 8. Bg3 c5 9. Bd3 cxd4 10. exd4 Bg7
11. O-O dxc4 12. Bxc4 b5 13. Bb3 O-O 14. d5 exd5 15. Nxd5 Bb7 16. Bd6 Re8 17. Nc7 Rc8 18. Nxe8 Qxe8 19. Re1 Ne4 20. Bd5 Bxd5
21. Qxd5 Ndf6 22. Qf5 Qd8 23. Be5 Rc5 24. Bxf6 Rxf5 25. Bxd8 Bxb2
0-1

[Event "Die Hard Tourney"]
[Site "SchemingMind.com"]
[Date "2010.11.19"]
[Round "-"]
[White "Behemot"]
[Black "Apatchenlama"]
[Result "0-1"]
[WhiteCountry "INT"]
[BlackCountry "GER"]
[WhiteElo "1760"]
[WhiteRD "86"]
[BlackElo "1864"]
[BlackRD "85"]
[GameID "267451"]

1. e4 c6 2. c4 d5 3. exd5 cxd5 4. d4 Nf6 5. Nc3 e6 6. Bg5 Be7 7. Nf3 O-O 8. Rc1 Nc6 9. Bd3 h6 10. Bh4 dxc4
11. Bxc4 a6 12. O-O b5 13. Bb3 Bb7 14. d5 Nxd5 15. Nxd5 Bxh4 16. Nxh4 Qxh4 17. g3 Qh3 18. Nf4 Qf5 19. Bc2 Qf6 20. Qd3 g6
21. Qd7 Qe7
0-1

[Event "Die Hard Tourney"]
[Site "SchemingMind.com"]
[Date "2010.11.20"]
[Round "-"]
[White "Behemot"]
[Black "thefriediceman"]
[Result "1/2-1/2"]
[WhiteCountry "INT"]
[BlackCountry "USA"]
[WhiteElo "1885"]
[WhiteRD "94"]
[BlackElo "1936"]
[BlackRD "71"]
[GameID "267452"]

1. e4 e5 2. Nf3 Nc6 3. Bb5 a6 4. Bxc6 dxc6 5. O-O Qd6 6. d4 exd4 7. Qxd4 Qxd4 8. Nxd4 Bd7 9. Nc3 O-O-O 10. Be3 Ne7
11. f4 Ng6 12. f5 Ne5 13. Rad1 Nc4 14. Bc1 Bb4 15. Rf3 Rde8 16. Nde2 g6 17. b3 Nd6 18. Bb2 Rhg8 19. Ng3 Bxc3 20. Bxc3 Nxe4
21. Nxe4 Rxe4 22. fxg6 fxg6 23. Rf7 Bg4 24. Rd4 Rxd4 25. Bxd4 Rd8 26. c3 h5 27. h3 Bf5 28. Kf2 c5 29. Be5 Rd7 30. Rf8+ Rd8
31. Rf7 Rd7=
1/2-1/2

[Event "Die Hard Tourney"]
[Site "SchemingMind.com"]
[Date "2010.11.20"]
[Round "-"]
[White "Behemot"]
[Black "Eden"]
[Result "1-0"]
[WhiteCountry "INT"]
[BlackCountry "CZE"]
[WhiteElo "1884"]
[WhiteRD "85"]
[BlackElo "1684"]
[BlackRD "75"]
[GameID "267453"]

1. d4 b6 2. e4 d5 3. exd5 Qxd5 4. Nc3 Qe6+ 5. Be2 Bb7 6. d5 Qg6 7. Bf3 Nd7 8. Nge2 O-O-O 9. Nf4 Qf6 10. O-O g6
11. a4 Ne5 12. Be4 e6 13. Qe2 h5 14. a5 a6 15. axb6 cxb6 16. Rxa6 Bh6 17. dxe6 Bxf4 18. Ra8+ Kc7 19. Nb5#
1-0

[Event "Die Hard Tourney"]
[Site "SchemingMind.com"]
[Date "2010.11.20"]
[Round "-"]
[White "capablanca"]
[Black "Behemot"]
[Result "0-1"]
[WhiteCountry "GER"]
[BlackCountry "INT"]
[WhiteElo "1643"]
[WhiteRD "52"]
[BlackElo "1884"]
[BlackRD "85"]
[GameID "267455"]

1. e4 c5 2. Nf3 e6 3. d4 cxd4 4. Nxd4 a6 5. Nc3 Qc7 6. Be3 b5 7. a3 Nf6 8. Bd3 Bb7 9. O-O Bd6 10. Nf3 Nc6
11. Ne2 Ng4 12. Ng3 Nxe3 13. fxe3 Bc5 14. Kh1 Bxe3 15. Qe2 Bf4 16. Nh5 Bh6 17. Ng3 Bf4 18. Nh5 O-O 19. Nxf4 Qxf4 20. e5 f6
21. exf6 Qxf6 22. Qe4 g6 23. c3 d5 24. Qg4 e5 25. Ng5 Qd6 26. Qe6+ Qxe6 27. Nxe6 Rxf1+ 28. Rxf1 Rc8 29. Nc5 Rc7 30. Ne6 Rf7
31. Nc5 Bc8 32. a4 bxa4 33. Rxf7 Kxf7 34. Nxa4 a5 35. Kg1 e4 36. Be2 d4 37. cxd4 Nxd4 38. Bc4+ Kf6 39. Kf2 Ke5 40. Nb6 Bf5
41. Bg8 h6 42. Nc4+ Kf4 43. Nxa5 e3+ 44. Kf1 Bd3+
0-1

[Event "Die Hard Tourney"]
[Site "SchemingMind.com"]
[Date "2010.11.19"]
[Round "-"]
[White "dvaldez"]
[Black "Behemot"]
[Result "1-0"]
[WhiteCountry "CAN"]
[BlackCountry "INT"]
[WhiteElo "2062"]
[WhiteRD "89"]
[BlackElo "1760"]
[BlackRD "86"]
[GameID "267456"]

1. e4 c5 2. Nf3 e6 3. d4 cxd4 4. Nxd4 a6 5. Nc3 Qc7 6. Be2 b5 7. a3 Bb7 8. f3 Nf6 9. Bg5 Nc6 10. Nb3 Bd6
11. h4 Nh5 12. Be3 Ng3 13. Rh3
1-0

[Event "Die Hard Tourney"]
[Site "SchemingMind.com"]
[Date "2010.11.20"]
[Round "-"]
[White "Negrito19"]
[Black "Behemot"]
[Result "1-0"]
[WhiteCountry "ARG"]
[BlackCountry "INT"]
[WhiteElo "1560"]
[WhiteRD "77"]
[BlackElo "1760"]
[BlackRD "86"]
[GameID "267457"]

1. d4 f5 2. e3 d6 3. f4 Nf6 4. h3 g6 5. Nf3 Bg7 6. Nc3 O-O 7. Bc4+ d5 8. Bb3 Nc6 9. a3 Na5 10. Ba2 Nc4
11. b3 Nd6 12. Bb2 Nde4 13. Nxe4 fxe4 14. Ne5 Nd7 15. b4 Nxe5 16. dxe5 e6 17. c4 c6 18. O-O b6 19. Qb3 a5 20. Rfd1 Ba6
21. cxd5 cxd5 22. bxa5 bxa5 23. a4 Rb8 24. Qc3 Qb6 25. Rab1 Bd3 26. Ba3
1-0

[Event "Die Hard Tourney"]
[Site "SchemingMind.com"]
[Date "2010.11.19"]
[Round "-"]
[White "Apatchenlama"]
[Black "Behemot"]
[Result "1-0"]
[WhiteCountry "GER"]
[BlackCountry "INT"]
[WhiteElo "1864"]
[WhiteRD "85"]
[BlackElo "1760"]
[BlackRD "86"]
[GameID "267458"]

1. d4 f5 2. g3 g6 3. Bg2 Bg7 4. Nf3 Nf6 5. O-O O-O 6. c4 d6 7. Nc3 Nc6 8. d5 Ne5 9. Nxe5 dxe5 10. e4 fxe4
11. Nxe4 Nxe4 12. Bxe4 e6 13. b3 exd5 14. Bxd5+ Kh8 15. Bb2 Bf5 16. Bxb7 Rb8 17. Bd5 Qd6 18. Re1 Rbd8 19. Qc1 c6 20. Bg2 Qd2
21. Qxd2
1-0

[Event "Die Hard Tourney"]
[Site "SchemingMind.com"]
[Date "2010.11.20"]
[Round "-"]
[White "thefriediceman"]
[Black "Behemot"]
[Result "1-0"]
[WhiteCountry "USA"]
[BlackCountry "INT"]
[WhiteElo "1936"]
[WhiteRD "71"]
[BlackElo "1885"]
[BlackRD "94"]
[GameID "267459"]

1. e4 c5 2. Nf3 e6 3. d4 cxd4 4. Nxd4 a6 5. Bd3 Qc7 6. Nc3 b5 7. Be3 Nf6 8. a3 Bb7 9. O-O Bd6 10. h3 O-O
11. f4 b4 12. axb4 Bxb4 13. e5 Bxc3 14. exf6 Bxd4 15. Bxd4 Qc6 16. Rf2 g6 17. Qg4 Qd6 18. Be5 Qc5 19. Qh4 Rc8 20. Ra5 Qf8
21. Bxb8 Raxb8 22. Rg5 Bd5 23. b3 a5 24. f5 Rb4 25. Qg3 exf5 26. Bxf5 Bc6 27. Bd3 a4 28. bxa4 Rxa4 29. Bxg6 Ra1+ 30. Kh2 hxg6
31. Rxg6+
1-0

[Event "Die Hard Tourney"]
[Site "SchemingMind.com"]
[Date "2010.11.21"]
[Round "-"]
[White "Eden"]
[Black "Behemot"]
[Result "1-0"]
[WhiteCountry "CZE"]
[BlackCountry "INT"]
[WhiteElo "1684"]
[WhiteRD "75"]
[BlackElo "1884"]
[BlackRD "85"]
[GameID "267460"]

1. c4 e5 2. Nc3 Nc6 3. d3 f5 4. e3 Nf6 5. a3 a5 6. g3 Bc5 7. Nge2 O-O 8. Bg2 d6 9. O-O Be6 10. Nb5 Qd7
11. d4 exd4 12. exd4 Bxc4 13. dxc5 Bxb5 14. Qb3+
1-0

[Event "Die Hard Tourney"]
[Site "SchemingMind.com"]
[Date "2010.11.20"]
[Round "-"]
[White "ampp"]
[Black "Behemot"]
[Result "0-1"]
[WhiteCountry "POR"]
[BlackCountry "INT"]
[WhiteElo "1212"]
[WhiteRD "61"]
[BlackElo "1885"]
[BlackRD "94"]
[GameID "267461"]

1. e4 c5 2. c3 Nf6 3. e5 Nd5 4. d4 e6 5. Nf3 cxd4 6. cxd4 Nc6 7. Bc4 Nb6 8. Bd3 Bb4+ 9. Nc3 d6 10. O-O dxe5
11. dxe5 Nd5 12. Nxd5 Qxd5 13. a3 Ba5 14. b4 Bc7 15. Re1 Nxe5 16. Nxe5 Bxe5 17. Rb1 Bd7 18. Be3 Bc6 19. f3 Bc3 20. Rf1 Rd8
21. Be4 Qa2 22. Bxc6+ bxc6 23. Qc1 Rd3 24. Bf2 O-O 25. Rd1 Rfd8 26. Be1 Rxd1
0-1